|
|
|
|
| LEADER |
01026nam a2200253 a 4500 |
| 001 |
13688461 |
| 008 |
100802s2003 nyu 000 0 eng d |
| 010 |
|
|
|a 2004111991
|
| 020 |
|
|
|a 1593081154
|
| 040 |
|
|
|a DLC
|c DLC
|d DLC
|d DB-DhAAL
|
| 082 |
0 |
0 |
|a 823/.7
|2 22
|
| 100 |
1 |
|
|a Shelley, Mary.
|
| 245 |
1 |
0 |
|a Frankenstein /
|c Mary Shelley, Karen Karbiener ; [edited by] George Stade.
|
| 260 |
|
|
|a New York, NY :
|b Barnes & Noble Classics,
|c 2003.
|
| 300 |
|
|
|a xxxi, 223 p. ;
|c 23 cm
|
| 490 |
0 |
|
|a Barnes & Noble classics
|
| 504 |
|
|
|a Includes bibliographical references
|
| 541 |
1 |
|
|e 00020805
|
| 650 |
|
0 |
|a Frankenstein, Victor (Fictitious character)
|v Fiction.
|
| 700 |
1 |
|
|a Karbiener, Karen
|
| 700 |
1 |
|
|a Stade, George
|
| 852 |
4 |
|
|a Ayesha Abed Library
|j General Shelf.
|
| 999 |
|
|
|c 9299
|d 9299
|
| 952 |
|
|
|0 0
|1 0
|2 ddc
|4 0
|6 823_700000000000000_SHE_2003
|7 0
|9 11710
|a BRACUL
|b BRACUL
|c GEN
|d 2010-08-24
|l 12
|m 50
|o 823.7 SHE
|p 3010020805
|q 2026-05-21
|r 2025-11-15
|s 2025-11-15
|t 1
|w 2010-08-24
|y BK
|x Transferred from ENH to Ayesha Abed library on 20/12/2023
|